El personalismo
Saved in:
| Hovedforfatter: | |
|---|---|
| Format: | Bog |
| Sprog: | spansk |
| Udgivet: |
Buenos Aires
EUDEBA
1974
|
| Udgivelse: | 10a. ed |
| Serier: | Cuadernos Eudeba, 64
|
| Fag: | |
| Tags: |
Tilføj Tag
Ingen Tags, Vær først til at tagge denne postø!
|
MARC
| LEADER | 00000nam a2200000 a 4500 | ||
|---|---|---|---|
| 001 | UCH8209 | ||
| 003 | CL-VaPUC | ||
| 008 | 091127e19740000AG |||||||||||||||||spa|d | ||
| 082 | 0 | 4 | |a 141.5 |b MOU |2 21 |
| 100 | |a Mounier, Emmanuel |e autor |9 310089 | ||
| 245 | 1 | 3 | |a El personalismo |
| 250 | |a 10a. ed | ||
| 300 | |a 67 p | ||
| 942 | |c BK | ||
| 945 | |d 20091127 00:00:00 |a lazolas | ||
| 260 | |a Buenos Aires |b EUDEBA |c 1974 | ||
| 650 | 0 | |a Personalismo |9 308807 | |
| 650 | 0 | |a Comunicación |9 257251 | |
| 650 | 0 | |a Libertad |9 255686 | |
| 650 | 0 | |a Dignidad |9 317313 | |
| 650 | 0 | |a Compromiso |9 334105 | |
| 583 | |a last modification |c 20091127 00:00:00 |k Rodrigo Vera | ||
| 490 | 0 | |a Cuadernos Eudeba, 64 | |
| 999 | |c 338442 |d 338440 | ||